Supreme Court Yearly Digest, 2008 : (Record no. 619562)

MARC details
000 -LEADER
fixed length control field 00508nam a2200193 a 4500
008 - FIXED-LENGTH DATA ELEMENTS--GENERAL INFORMATION
fixed length control field 260416s2009##################000#0#eng##
020 ## - INTERNATIONAL STANDARD BOOK NUMBER
ISBN 9788170121602
082 04 - DEWEY DECIMAL CLASSIFICATION NUMBER
Classification number 348.5404605
Item number SUR
100 1# - MAIN ENTRY--AUTHOR NAME
Personal name Malik, Surendra,
245 10 - TITLE STATEMENT
Title Supreme Court Yearly Digest, 2008 :
260 ## - PUBLICATION, DISTRIBUTION, ETC. (IMPRINT)
Year of publication 2009.
300 ## - PHYSICAL DESCRIPTION
Number of Pages 1675 pages
650 #0 - SUBJECT ADDED ENTRY--TOPICAL TERM
Topical Term Law reports, digests, etc.
942 ## - ADDED ENTRY ELEMENTS (KOHA)
Koha item type English Books
Holdings
Withdrawn status Lost status Damaged status Not for loan Home library Current library Shelving location Date acquired Full call number Accession Number Price effective from Koha item type
        Anna Centenary Library Anna Centenary Library 4TH FLOOR, A WING 16.04.2026 348.5404605 SUR 114531 16.04.2026 English Books

Find us on the map